| 000 | 00843nam a2200217Ia 4500 | ||
|---|---|---|---|
| 001 | 15785 | ||
| 003 | GE_BSU | ||
| 008 | 181216s||||||||xx |||||||||||||| ||und|| | ||
| 040 | _cGE_BSU | ||
| 080 | _a821.353.1-1 + 821.353.1-11 + 821.353.1-92 | ||
| 100 | _aჭავჭავაძე, ი. (ილია, 1837-1907) | ||
| 245 | _aრჩეული : 2 წიგნად. წ.1 | ||
| 245 | _bლექსები, პოემები, წერილები | ||
| 245 | _cემდგ.: ნ. ალანია ; ილ: დ. გაბაშვილი. | ||
| 260 | _aთბილისი | ||
| 260 | _bსაბჭ. საქართველო, | ||
| 260 | _c1975 | ||
| 300 | _a233 გვ. : 1 ფ. პორტრ.17 სმ | ||
| 653 | _aლექსები, პოემები, წერილები | ||
| 942 | _cBK | ||
| 999 |
_c48882 _d48882 |
||